| 000 | 00761nam a22002297a 4500 | ||
|---|---|---|---|
| 999 |
_c6292 _d6292 |
||
| 003 | AR-CdUCM | ||
| 008 | 190314b ||||| |||| 00| 0 spa d | ||
| 040 |
_aMUNICIPALIDAD PROVINCIAL DEL CUSCO _cBIBLIOTECA MUNICIPAL DEL CUSCO |
||
| 082 |
_a869.57 / _bC74 |
||
| 100 |
_aCondo Arizábal, Heber Augusto _918054 |
||
| 245 | _aLuz del alma / | ||
| 260 |
_aCusco : _bAlpha servicios gráficos, _c2014. |
||
| 300 |
_a186 paginas ; _c21 cm. |
||
| 505 | _aMadre himno de amor -- Evocación a mi madre -- Flores a mi madre -- Luz de amor --Mi confesión... | ||
| 650 |
_aPoemas y versos _918055 |
||
| 650 |
_aCusco _9772 |
||
| 650 |
_aSIglo XXI _918056 |
||
| 650 |
_aPoesía peruana _9806 |
||
| 650 |
_aPoetas peruanos _91611 |
||
| 942 |
_2ddc _cLIBROS |
||
| 945 | _awnts | ||